| 000 | 00487nam a22001817a 4500 | ||
|---|---|---|---|
| 005 | 20250415125335.0 | ||
| 008 | 250411b |||||||| |||| 00| 0 eng d | ||
| 020 | _a978-81-962777-2-7 | ||
| 041 | _aeng | ||
| 082 | _a364.6 PAR-C | ||
| 100 |
_aPARANJAPE, PROF.N.V. _98614 |
||
| 245 | _aCRIMINOLOGY AND PENOLOGY [INCLUDING VICTIMOLOGY] | ||
| 250 | _a19TH ED, 2023 | ||
| 260 |
_aPRAYAGRAJ _bCENTRAL LAW PUBLICATION |
||
| 300 | _a928;P | ||
| 650 |
_aLEGAL STUDIES _98608 |
||
| 942 | _cBK | ||
| 999 |
_c8747 _d8745 |
||